| 000 | 00839nam a22002417a 4500 | ||
|---|---|---|---|
| 003 | NALT | ||
| 005 | 20210804103903.0 | ||
| 008 | s2535 th tha d | ||
| 020 | _a9748002381 | ||
| 040 | _aNALT | ||
| 041 | _atha | ||
| 050 | _aHN17.5 ท331อ 2535 | ||
| 245 | 1 | 0 | _aอำนาจใหม่ |
| 246 | _aPower shift | ||
| 260 | 3 |
_aกรุงเทพฯ : _bGlobal Brain Publication, _c2535 |
|
| 300 | _a415 หน้า | ||
| 650 | 0 | 4 | _aประวัติศาสตร์เศรษฐกิจ -- 1945 |
| 650 | 0 | 4 | _aประวัติศาสตร์สังคม -- 1945-- |
| 650 | 0 | 4 | _aการเปลี่ยนแปลงทางสังคม -- 1945-- |
| 700 | 0 | _aขุนทอง ลอเสรีวานิช, ผู้แปล | |
| 850 | _aNALT | ||
| 942 |
_cGB _2lcc |
||
| 999 |
_c40919 _d40919 |
||
| 998 |
_j109 _k อารีรัตน์ วิชาช่าง |
||